The English school : its architecture and organization
Αποθηκεύτηκε σε:
| Κύριος συγγραφέας: | |
|---|---|
| Άλλοι συγγραφείς: | |
| Μορφή: | Βιβλίο |
| Γλώσσα: | English |
| Δημοσίευση: |
London :
Routledge & Kegan Paul,
1977
|
| Θέματα: | |
| Ετικέτες: |
Προσθήκη ετικέτας
Δεν υπάρχουν, Καταχωρήστε ετικέτα πρώτοι!
|
MARC
| LEADER | 00000cam a2200000 i 4500 | ||
|---|---|---|---|
| 001 | 1/75118 | ||
| 008 | 960729s1977 eng d | ||
| 020 | |a 0-7100-8408-0 | ||
| 035 | |a 1987 |c Αγορά |l 10032035 | ||
| 040 | |a GR-MY-UA |b gre |e aacr | ||
| 041 | 0 | |a eng | |
| 082 | 0 | |a 727.10942 | |
| 100 | 1 | |a Seaborne, Malcolm Vivian John, |d 1927- | |
| 245 | 1 | 4 | |a The English school : |b its architecture and organization / |c Malcolm Seaborne, Roy Lowe |
| 260 | |a London : |b Routledge & Kegan Paul, |c 1977 | ||
| 300 | |a ... v. | ||
| 505 | 0 | |a v.2: 1870-1970 | |
| 650 | 0 | 0 | |a Elementary school buildings |z England. |
| 650 | 0 | 0 | |a High school buildings |z England. |
| 650 | 0 | 0 | |a School management and organization |z England. |
| 650 | 0 | 0 | |a Educational planning |z England. |
| 700 | 1 | |a Lowe, Roy. | |
| 852 | |a INST |b RHODES |e 19960729 |h 727.10942 SEA |p 005400001028 |q 005400001028 |t BK |y 0 | ||
| 909 | |a Ρ |b 006377 |c 1987 | ||